[Event "OMA-chT"]
[Site "Muscat"]
[Date "2020.01.27"]
[Round "3.4"]
[White "Al Amri, Mahad"]
[Black "Hardan, Hamid Musallem"]
[Result "1-0"]
[WhiteElo "1630"]
[BlackElo "1831"]
[PlyCount "41"]
[EventDate "2020.01.25"]
[EventType "team-swiss"]
[EventRounds "9"]
[EventCountry "OMN"]
[SourceTitle "CBM 194 Extra"]
[Source "ChessBase"]
[SourceDate "2020.03.31"]
[SourceVersion "1"]
[SourceVersionDate "2020.03.31"]
[SourceQuality "1"]

1. e4 e5 2. Nf3 d6 3. Bc4 Be7 4. d4 exd4 5. Nxd4 Nf6 6. Nc3 c5 7. Nf5 Bxf5 8. exf5 0-0 9. 0-0 a6 10. Re1 Nc6 11. a4 Re8 12. Nd5 Ne5 13. Nxf6+ Bxf6 14. Bd5 Rb8 15. Ra3 Qd7 16. Rh3 Qxf5 17. Be4 Qg4 18. Bxh7+ Kf8 19. Qxd6+ Be7 20. Qxe5 f6 21. Qd5 1-0

[Event "OMA-chT"]
[Site "Muscat"]
[Date "2020.01.26"]
[Round "2.5"]
[White "Hardan, Hamid Musallem"]
[Black "Al Kathiri, Hassan"]
[Result "1-0"]
[WhiteElo "1831"]
[BlackElo "1597"]
[PlyCount "41"]
[EventDate "2020.01.25"]
[EventType "team-swiss"]
[EventRounds "9"]
[EventCountry "OMN"]
[SourceTitle "CBM 194 Extra"]
[Source "ChessBase"]
[SourceDate "2020.03.31"]
[SourceVersion "1"]
[SourceVersionDate "2020.03.31"]
[SourceQuality "1"]

1. e4 e6 2. Nc3 d5 3. Nf3 dxe4 4. Nxe4 Nf6 5. Nxf6+ Qxf6 6. d4 h6 7. Bd3 Bb4+ 8. c3 Bd6 9. Qe2 c6 10. 0-0 g5 11. Ne5 h5 12. f4 g4 13. f5 Bxe5 14. fxe6 Bxh2+ 15. Kxh2 Qh4+ 16. Kg1 Bxe6 17. Bg6 g3 18. Qxe6+ Kd8 19. Bg5+ Qxg5 20. Rxf7 Qe3+ 21. Qxe3 1-0

[Event "OMA-chT"]
[Site "Muscat"]
[Date "2019.07.13"]
[Round "7.4"]
[White "Hardan, Hamid Musallem"]
[Black "Al Houti, Houd"]
[Result "1/2-1/2"]
[WhiteElo "1803"]
[BlackElo "1665"]
[PlyCount "82"]
[EventDate "2019.07.09"]
[EventType "team-swiss"]
[EventRounds "9"]
[EventCountry "OMN"]
[SourceTitle "EXT 2020"]
[Source "ChessBase"]
[SourceDate "2019.10.17"]
[SourceVersion "1"]
[SourceVersionDate "2019.10.17"]
[SourceQuality "1"]
[WhiteTeam "Salalah Blue"]
[BlackTeam "Majees"]
[WhiteTeamCountry "OMN"]
[BlackTeamCountry "OMN"]

1. e4 c6 2. d4 d5 3. exd5 cxd5 4. c4 e6 5. Nc3 Nf6 6. Nf3 Bb4 7. Bd2 0-0 8. c5 b6 9. cxb6 Qxb6 10. a3 Bxc3 11. Bxc3 Ba6 12. Be2 Bxe2 13. Qxe2 Qa6 14. Qxa6 Nxa6 15. 0-0 Ne4 16. Rac1 Rfc8 17. Ba5 Rab8 18. Ne5 Rxc1 19. Rxc1 f6 20. Nd7 Rxb2 21. f3 Rb5 22. Be1 Rb7 23. fxe4 Rxd7 24. exd5 exd5 25. Bg3 Rd8 26. Rc6 Nb8 27. Rc7 a6 28. h3 h6 29. Be1 Kh7 30. Ba5 Rd6 31. Bb4 Rc6 32. Rb7 Rc1+ 33. Kh2 Rc8 34. Rb6 Nc6 35. Bc5 a5 36. Rb7 Rd8 37. Rb6 Rc8 38. Rb7 Rd8 39. Rb6 Rc8 40. Rb7 Rd8 41. Rb6 Rc8 1/2-1/2

[Event "Muscat rapid 3rd"]
[Site "Muscat"]
[Date "2019.02.01"]
[Round "5"]
[White "Tissir, Mohamed"]
[Black "Hardan, Hamid Musallem"]
[Result "1-0"]
[WhiteElo "2391"]
[BlackElo "1827"]
[PlyCount "77"]
[EventDate "2019.01.31"]
[EventType "swiss (rapid)"]
[EventRounds "9"]
[EventCountry "OMN"]
[SourceTitle "EXT 2020"]
[Source "ChessBase"]
[SourceDate "2019.10.17"]
[SourceVersion "1"]
[SourceVersionDate "2019.10.17"]
[SourceQuality "1"]

1. e4 e5 2. Nf3 Nc6 3. Bc4 Nf6 4. d3 Be7 5. 0-0 d6 6. c3 0-0 7. Bb3 a6 8. Re1 Na5 9. Bc2 c5 10. Nbd2 b5 11. Nf1 h6 12. Ng3 Re8 13. h3 Nc6 14. a4 Be6 15. axb5 axb5 16. Rxa8 Qxa8 17. Nh4 Nxe4 18. Nxe4 Bxh4 19. Nxd6 Rd8 20. Nxb5 Qb8 21. Na3 c4 22. Qe2 cxd3 23. Bxd3 Qd6 24. Bc2 Bd5 25. Rd1 Qf6 26. Be3 Be6 27. Rxd8+ Nxd8 28. b4 Bg5 29. c4 Bxe3 30. fxe3 Qe7 31. c5 Nc6 32. Qd2 Qa7 33. Qc3 Qe7 34. b5 Qg5 35. bxc6 Bxh3 36. Be4 Bc8 37. Nc4 f5 38. Bd5+ Kh7 39. Qxe5 1-0

[Event "Olympiad-42"]
[Site "Baku"]
[Date "2016.09.11"]
[Round "9.3"]
[White "Hemam, Moulaye Brahim"]
[Black "Hardan, Hamid Musallem"]
[Result "1-0"]
[WhiteElo "2032"]
[BlackElo "1914"]
[PlyCount "162"]
[EventDate "2016.09.02"]
[EventType "team-swiss"]
[EventRounds "11"]
[EventCountry "AZE"]
[SourceTitle "CBM 175"]
[Source "ChessBase"]
[SourceDate "2016.11.10"]
[SourceVersion "1"]
[SourceVersionDate "2016.11.10"]
[SourceQuality "1"]
[WhiteTeam "Mauritania"]
[BlackTeam "Oman"]
[WhiteTeamCountry "MAU"]
[BlackTeamCountry "OMN"]

1. e4 c5 2. Nf3 Nc6 3. Bc4 e6 4. d3 a6 5. a3 Nf6 6. 0-0 Be7 7. Re1 d5 8. exd5 exd5 9. Ba2 0-0 10. h3 h6 11. Nbd2 Be6 12. Nf1 Re8 13. Bf4 Bd6 14. Bxd6 Qxd6 15. Ng3 b5 16. Qd2 Rad8 17. d4 Ne4 18. Nxe4 dxe4 19. Rxe4 Bxa2 20. Rxe8+ Rxe8 21. Rxa2 cxd4 22. Ra1 Ne5 23. Nxd4 Nc4 24. Qc3 Re4 25. Nf5 Qg6 26. Ng3 Re6 27. a4 Rc6 28. axb5 axb5 29. Ra8+ Kh7 30. Rb8 f5 31. Rb7 Rf6 32. Nh5 Rf7 33. Nf4 Qf6 34. Qxf6 Rxf6 35. Rxb5 Nd2 36. b3 Ra6 37. f3 g5 38. Rb7+ Kg8 39. Rd7 Ra1+ 40. Kf2 Nf1 41. Ne2 Nh2 42. g3 g4 43. fxg4 fxg4 44. Rd8+ Kf7 45. hxg4 Nxg4+ 46. Kf3 Ne5+ 47. Ke4 Re1 48. Rd2 Ke6 49. c4 Nc6 50. Kd3 Kd6 51. Kc3+ Kc5 52. Nf4 Rc1+ 53. Kb2 Rg1 54. Rd5+ Kb6 55. Nh5 Rh1 56. g4 Rg1 57. Nf6 Rf1 58. Ng8 Rh1 59. Rh5 Rg1 60. Rxh6 Rg2+ 61. Ka3 Kc5 62. Nf6 Kd4 63. Nd7 Na5 64. Kb4 Nxc4 65. bxc4 Rb2+ 66. Ka3 Rb7 67. Nb6 Rg7 68. Kb4 Rxg4 69. Rd6+ Ke5 70. Rd1 Rg2 71. c5 Rb2+ 72. Ka5 Rc2 73. Kb5 Rb2+ 74. Ka5 Rc2 75. Na4 Ke6 76. Kb6 Rc4 77. Kb5 Rc2 78. c6 Ke7 79. Kb6 Rc4 80. Nc5 Rb4+ 81. Ka7 Rc4 1-0

[Event "Olympiad-42"]
[Site "Baku"]
[Date "2016.09.09"]
[Round "7.3"]
[White "Joang, Molapo"]
[Black "Hardan, Hamid Musallem"]
[Result "1-0"]
[WhiteElo "1685"]
[BlackElo "1914"]
[PlyCount "106"]
[EventDate "2016.09.02"]
[EventType "team-swiss"]
[EventRounds "11"]
[EventCountry "AZE"]
[SourceTitle "CBM 175"]
[Source "ChessBase"]
[SourceDate "2016.11.10"]
[SourceVersion "1"]
[SourceVersionDate "2016.11.10"]
[SourceQuality "1"]
[WhiteTeam "Lesotho"]
[BlackTeam "Oman"]
[WhiteTeamCountry "LES"]
[BlackTeamCountry "OMN"]

1. d4 Nf6 2. c4 e6 3. Nf3 Bb4+ 4. Nc3 Nc6 5. a3 Bxc3+ 6. bxc3 d5 7. Bg5 h6 8. Bh4 g5 9. Bg3 Ne4 10. Qc2 f5 11. Be5 Rg8 12. e3 g4 13. Nd2 Nxe5 14. dxe5 Nxd2 15. Qxd2 c6 16. h4 Qc7 17. cxd5 cxd5 18. Qd4 Bd7 19. Be2 Rc8 20. 0-0 Qc5 21. Qf4 Qf8 22. c4 dxc4 23. Bxc4 g3 24. f3 Qe7 25. Rfd1 b5 26. Bf1 Rg4 27. Qxh6 Rxh4 28. Qg6+ Kd8 29. Qxg3 a6 30. Rd6 Qh7 31. Rad1 Rh1+ 32. Kf2 Rc2+ 33. R1d2 Rxd2+ 34. Rxd2 Qh4 35. Qxh4+ Rxh4 36. Rd6 Ra4 37. Rd3 Kc7 38. Be2 Bc6 39. Rc3 Kb6 40. g4 fxg4 41. Bd1 Ra5 42. fxg4 b4 43. axb4 Rxe5 44. Bf3 Bxf3 45. Kxf3 Kb5 46. Ra3 Rd5 47. Ra5+ Kxb4 48. Rxd5 exd5 49. g5 a5 50. g6 a4 51. g7 a3 52. g8Q a2 53. Qg7 Kb3 1-0

[Event "Olympiad-42"]
[Site "Baku"]
[Date "2016.09.02"]
[Round "1.4"]
[White "Illingworth, Max"]
[Black "Hardan, Hamid Musallem"]
[Result "1-0"]
[WhiteElo "2458"]
[BlackElo "1914"]
[PlyCount "109"]
[EventDate "2016.09.02"]
[EventType "team-swiss"]
[EventRounds "11"]
[EventCountry "AZE"]
[SourceTitle "CBM 175"]
[Source "ChessBase"]
[SourceDate "2016.11.10"]
[SourceVersion "1"]
[SourceVersionDate "2016.11.10"]
[SourceQuality "1"]
[WhiteTeam "Australia"]
[BlackTeam "Oman"]
[WhiteTeamCountry "AUS"]
[BlackTeamCountry "OMN"]

1. c4 e5 2. g3 Nf6 3. Bg2 Bc5 4. Nc3 c6 5. e3 d5 6. cxd5 cxd5 7. d4 exd4 8. exd4 Be7 9. Nf3 Nc6 10. 0-0 0-0 11. Ne5 Be6 12. Nxc6 bxc6 13. Na4 Rc8 14. Bf4 Qd7 15. Re1 Rfe8 16. Qb3 Nh5 17. Be3 Rb8 18. Qd1 Bg4 19. f3 Bh3 20. Qd3 Bxg2 21. Kxg2 c5 22. b3 c4 23. Qc2 Rec8 24. Nc5 Bxc5 25. dxc5 d4 26. Red1 Rxc5 27. Rxd4 Qc7 28. Rxc4 Rxc4 29. Qxc4 Qb7 30. Qc5 Qb6 31. Qe5 Qb5 32. Qxb5 Rxb5 33. Bxa7 Nf6 34. Rc1 h6 35. Bd4 Nd7 36. Kf2 f6 37. Ke3 Kf7 38. Rc6 Ke7 39. f4 g5 40. Ra6 Rd5 41. Bc3 gxf4+ 42. Kxf4 Rd3 43. Bb4+ Kf7 44. Rd6 Ne5 45. Ke4 Rf3 46. Bc5 Rf1 47. Bd4 Re1+ 48. Kd5 Rd1 49. Kc5 Rc1+ 50. Kb5 Ke7 51. Bxe5 fxe5 52. Rxh6 e4 53. Rh4 Re1 54. Kc4 e3 55. Kd3 1-0